Loading...
| Painting/Sculpture | 0 | 8 | 0 | 1 | 80 | 29 | 63.50 | 5 | 6 |
| Literature - European Literature | 0 | 4 | 0 | 0 | 40 | 30 | 55.75 | 1 | 4 |
| Literature - British Literature | 0 | 4 | 0 | 0 | 40 | 80 | 104.00 | 0 | 1 |
| Fine Arts - Classical Music | 0 | 4 | 0 | 0 | 40 | 67 | 85.75 | 0 | 2 |
| History - Other History | 0 | 3 | 0 | 1 | 30 | 44 | 86.33 | 1 | 2 |
| Fine Arts - Other Fine Arts | 0 | 3 | 0 | 0 | 30 | 27 | 57.33 | 3 | 3 |
| History - World History | 0 | 3 | 1 | 0 | 25 | 38 | 55.00 | 1 | 2 |
| Literature - American Literature | 0 | 2 | 0 | 0 | 20 | 56 | 82.00 | 1 | 1 |
| History - European History | 0 | 2 | 0 | 0 | 20 | 63 | 70.50 | 0 | 1 |
| Philosophy | 0 | 2 | 0 | 1 | 20 | 87 | 98.00 | 0 | 0 |
| Current Events | 0 | 2 | 0 | 0 | 20 | 34 | 44.00 | 0 | 1 |
| Science - Chemistry | 0 | 2 | 0 | 2 | 20 | 86 | 97.00 | 0 | 1 |
| Pop Culture | 0 | 2 | 0 | 0 | 20 | 54 | 56.50 | 1 | 1 |
| Social Science | 0 | 1 | 0 | 0 | 10 | 54 | 54.00 | 0 | 1 |
| Geography | 0 | 1 | 0 | 0 | 10 | 105 | 105.00 | 0 | 1 |
| History - American History | 0 | 1 | 0 | 0 | 10 | 64 | 64.00 | 0 | 1 |
| Science - Physics | 0 | 1 | 0 | 1 | 10 | 111 | 111.00 | 0 | 0 |
| Science - Biology | 0 | 1 | 1 | 1 | 5 | 97 | 97.00 | 0 | 0 |
| Mythology | 0 | 1 | 1 | 0 | 5 | 74 | 74.00 | 0 | 1 |
| Literature - World Literature | 0 | 1 | 1 | 0 | 5 | 103 | 103.00 | 0 | 0 |
| Religion | 0 | 1 | 1 | 0 | 5 | 58 | 58.00 | 0 | 1 |
| Science - Other Science | 0 | 1 | 3 | 0 | -5 | 62 | 62.00 | 0 | 0 |